Social Anthropology in Eastern India (Record no. 54513)
[ view plain ]
| 000 -LEADER | |
|---|---|
| fixed length control field | 00546nam a2200181Ia 4500 |
| 001 - CONTROL NUMBER | |
| control field | 54556 |
| 008 - FIXED-LENGTH DATA ELEMENTS--GENERAL INFORMATION | |
| fixed length control field | 120320n ii |||gr||||Z||||||465 |
| 020 ## - INTERNATIONAL STANDARD BOOK NUMBER | |
| International Standard Book Number | 978-81-8387-250-8 |
| 082 ## - DEWEY DECIMAL CLASSIFICATION NUMBER | |
| Classification number | 306 |
| 100 ## - MAIN ENTRY--PERSONAL NAME | |
| Personal name | Srivastava., |
| Relator term | Sachchidanananda Vinay Kumar. |
| 245 #0 - TITLE STATEMENT | |
| Title | Social Anthropology in Eastern India |
| Statement of responsibility, etc. | Sachchidananda Vinay Kumar Srivastava |
| Medium | Textual Documents |
| 250 ## - EDITION STATEMENT | |
| Edition statement | Ist ed-2009. |
| 260 ## - PUBLICATION, DISTRIBUTION, ETC. | |
| Place of publication, distribution, etc. | New Delhi |
| Name of publisher, distributor, etc. | Serials Publications |
| 300 ## - PHYSICAL DESCRIPTION | |
| Extent | 297p: |
| Dimensions | 23cm. |
| 653 ## - INDEX TERM--UNCONTROLLED | |
| Uncontrolled term | Sociology-Anthropology |
| 653 ## - INDEX TERM--UNCONTROLLED | |
| Uncontrolled term | G-Sociology |
| 942 ## - ADDED ENTRY ELEMENTS (KOHA) | |
| Source of classification or shelving scheme | Dewey Decimal Classification |
| Koha item type | Books |
| Withdrawn status | Lost status | Damaged status | Not for loan | Collection | Home library | Current library | Shelving location | Date acquired | Coded location qualifier | Cost, normal purchase price | Total checkouts | Full call number | Barcode | Date last seen | Copy number | Price effective from | Koha item type |
|---|---|---|---|---|---|---|---|---|---|---|---|---|---|---|---|---|---|
| Dr. Suryya Kumar Bhuyan Library | Dr. Suryya Kumar Bhuyan Library | 20/03/2012 | 00000 | 950.00 | 306 Sa 14 So | 435/Anth | 14/01/2024 | 1 | 20/03/2012 | Books |
